[Event "UK Armed Forces-ch"]
[Site "Wittering"]
[Date "2023.04.14"]
[Round "1"]
[White "Lock, Benedict"]
[Black "Watson, Paul R"]
[Result "1-0"]
[WhiteElo "1200"]
[BlackElo "1776"]
[PlyCount "49"]
[EventDate "2023.04.14"]
[EventType "swiss"]
[EventRounds "7"]
[EventCountry "ENG"]
[SourceTitle "EXT 2024"]
[Source "ChessBase"]
[SourceDate "2023.10.10"]
[SourceVersion "1"]
[SourceVersionDate "2023.10.10"]
[SourceQuality "1"]

1. c4 Nf6 2. d4 e5 3. dxe5 Ng4 4. Nf3 Nc6 5. Bf4 Bb4+ 6. Nc3 Qe7 7. a3 Bxc3+ 8. bxc3 Ngxe5 9. e3 0-0 10. Nxe5 Nxe5 11. Qd5 d6 12. c5 Qe6 13. c4 Qxd5 14. cxd5 Bf5 15. Bxe5 dxe5 16. Bc4 Rfd8 17. 0-0 Rd7 18. Rfe1 b6 19. e4 Bg6 20. Bb5 Re7 21. d6 cxd6 22. cxd6 Re6 23. d7 Kf8 24. Rac1 Ke7 25. Rc8 1-0